=LDR 00000nam 2200000 4500 =001 INLIS000000000014548 =005 20130612105829 =008 ***********************************Ind** =035 ##$$0010-061300000014548 =041 ##$$a Ind =082 ##$$a 633 =090 ##$$a 633, Ris m =100 ##$$a Rismunandar =245 ##$$a Mendaya Gunakan Tanaman Rumput, Rismunandar =260 ##$$a 1989 $b Bandung =300 ##$$a x, Hlm, Ilus, 21 Cm =650 ##$$a Rumput Pemanfaatan =850 ##$$a NBPNMAT